| 000 | 00981nam a22002417a 4500 | ||
|---|---|---|---|
| 001 | 47273 | ||
| 003 | BD-RjUL | ||
| 005 | 20211209054303.0 | ||
| 008 | 160808s2001 bg ||||| |||| 00| 0 ben d | ||
| 020 |
_a9840741470 _c: TK 150.00 |
||
| 035 | _a(BD-RjUL)47392 | ||
| 040 |
_aBD-RjUL _bben _cBD-RjUL |
||
| 041 | _aben | ||
| 082 |
_223 _a306.4095492 _bHOC 2001 |
||
| 100 |
_aহোসেন, ইমরান _9143898 |
||
| 245 | 1 | 0 |
_aছোলতান পত্রিকায় বাংলার সমাজ, সংস্কৃতি ও রাজনীতি / _cইমরান হোসেন |
| 260 |
_aঢাকা : _bবাংলা একাডেমী, _c২০০১ |
||
| 300 |
_a৪১৬ পৃ. ; _c২১ সেমি. |
||
| 650 |
_aসামাজিক অবস্থা _zবাংলাদেশ _9143899 |
||
| 650 |
_aSocial Condition _zBangladesh _9143900 |
||
| 700 |
_aদে, সুনীল কান্তি _9143901 |
||
| 942 |
_2ddc _cBK |
||
| 999 |
_c47273 _d47273 |
||